000 01286aam a2200325 i 4500
999 _c45909
_d45909
001 768714001
003 CO-MdFUSB
005 20201023175918.0
007 ta
008 200515t1890 enk||||| |||| 00| 0 eng d
020 _a[No incluye ISBN]
040 _bspa.
_aCO-MdFUSB
_cCO-MdFUSB
_dCO-MdFUSBC
_erda
041 _aeng
082 _223
_a232.1
_bL977
245 1 0 _aLux Mundi :
_ba series of studies in the religion of the incarnation
_c/ editado por Charles Gore
250 _aSéptima edición
264 1 _aLondres :
_bJohn Murray,
_c[1890]
264 4 _c© 1890
300 _axxiii, 525 páginas
_c; 23 cm
336 _atexto
_btxt
_2rdacontent
337 _2rdamedia
_asin mediación
_bn
338 _2rdacarrier
_avolumen
_bnc
505 _aLa fe - La doctrina cristiana de Dios - El problema del sufrimiento: Su relación con la fe en Dios - La preparación en la historia para Cristo - La encarnación en relación con desarrollo - La encarnación como base de dogma - La expiación - El Espíritu Santo y inspiración - La iglesia - Sacramentos - El cristianismo en la política - La ética cristiana
563 _aPasta dura
600 0 7 _aJesucristo
_xDivinidad
650 7 _9399
_aEncarnación
942 _cBK
945 _aJTF-925